MARC details
| 000 -CABECERA |
| campo de control de longitud fija |
02507nam a2200277 a 4500 |
| 001 - NÚMERO DE CONTROL |
| campo de control |
000006054 |
| 005 - FECHA Y HORA DE LA ÚLTIMA TRANSACCIÓN |
| campo de control |
20251120073731.0 |
| 008 - DATOS DE LONGITUD FIJA--INFORMACIÓN GENERAL |
| campo de control de longitud fija |
090826s2004 dr 000 0 spa d |
| 020 ## - NÚMERO INTERNACIONAL ESTÁNDAR DEL LIBRO |
| Número Internacional Estándar del Libro |
9993458228 |
| 040 ## - FUENTE DE LA CATALOGACIÓN |
| Centro catalogador/agencia de origen |
DO-SdBNP |
| Lengua de catalogación |
spa |
| Centro/agencia transcriptor |
BNPHU |
| 082 ## - NÚMERO DE LA CLASIFICACIÓN DECIMAL DEWEY |
| Número de clasificación |
352 |
| Número de documento/Ítem |
E82g |
| 245 00 - MENCIÓN DE TÍTULO |
| Título |
Estrategias de gestión pública / |
| Mención de responsabilidad, etc. |
editor José Oviedo ; prólogo Rogelio Pérez Bustamante. |
| 260 ## - PUBLICACIÓN, DISTRIBUCIÓN, ETC. |
| Lugar de publicación, distribución, etc. |
Santo Domingo : |
| Nombre del editor, distribuidor, etc. |
PUCMM, |
| Fecha de publicación, distribución, etc. |
2004. |
| 300 ## - DESCRIPCIÓN FÍSICA |
| Extensión |
421 p. ; |
| Dimensiones |
23 cm. |
| 500 ## - NOTA GENERAL |
| Nota general |
En la portada: Programa caribeño a nivel universitario Gestión Pública PCUMM-UNIÓN EUROPEA. |
| 505 0# - NOTA DE CONTENIDO CON FORMATO |
| Información miscelánea |
Prólogo / |
| Mención de responsabilidad |
Rogelio Pérez Bustamante-- |
| Información miscelánea |
Presentación / |
| Mención de responsabilidad |
José Oviedo -- |
| Título |
Gestión pública : consideraciones teóricas y operativas / |
| Mención de responsabilidad |
Juan Antonio Garde Roca -- |
| Título |
Temas sobre la formulación e implementación de políticas públicas en el Caribe / |
| Mención de responsabilidad |
Edwin Jones -- |
| Título |
El servicio civil de carrera hoy : crisis y vigencia / |
| Mención de responsabilidad |
Manuel Villoria -- |
| Título |
La administración del desempeño : una ciencia sutil / |
| Mención de responsabilidad |
Francis Terry -- |
| Título |
Esquema conceptual para un sistema de pago de bonificación basado en el desempeño, a empleados del sector público / |
| Mención de responsabilidad |
John Pilgrim -- |
| Título |
La gestión de la calidad y la evaluación del rendimiento como estrategias en la mejora de la gestión pública / |
| Mención de responsabilidad |
José Vicente Gómez Rivas y José Manuel Ruano de la Fuente -- |
| Título |
Estrategias para la gerencia del sector público. Aplicación del enfoque del marco lógico / |
| Mención de responsabilidad |
Winston Ramaurtasing -- |
| Título |
Dirección estratégica / |
| Mención de responsabilidad |
Luis F. Aguilar -- |
| Título |
Cultura organizacional y cambios organizacionales / |
| Mención de responsabilidad |
Francesco Avallones -- |
| Título |
Incorporación de una perspectiva de igualdad entre el hombre y la mujer en la administración pública : panorama general / |
| Mención de responsabilidad |
Gwendoline Williams y Claudia Harvey -- |
| Título |
La poliglotía de pueblos : diversidad étnica y liderazgo en el sector público del Caribe / |
| Mención de responsabilidad |
Deryck Brown -- |
| Título |
El apoyo del entorno al servicio público y la construcción de una infraestructura sólida para la ética / |
| Mención de responsabilidad |
Janos Bertok -- |
| Título |
Presentación y participación: dilemas, tensiones e interrelaciones / |
| Mención de responsabilidad |
José Oviedo -- |
| Información miscelánea |
Los autores. |
| 590 ## - NOTA LOCAL (RLIN) |
| Nota local |
Inventariado,2018/DG |
| 650 #0 - PUNTO DE ACCESO ADICIONAL DE MATERIA--TÉRMINO DE MATERIA |
| Término de materia o nombre geográfico como elemento de entrada |
Administración pública |
| 9 (RLIN) |
9266 |
| 650 #4 - PUNTO DE ACCESO ADICIONAL DE MATERIA--TÉRMINO DE MATERIA |
| Término de materia o nombre geográfico como elemento de entrada |
Función pública |
| 9 (RLIN) |
659 |
| 650 #4 - PUNTO DE ACCESO ADICIONAL DE MATERIA--TÉRMINO DE MATERIA |
| Término de materia o nombre geográfico como elemento de entrada |
Calidad total en administración pública |
| 9 (RLIN) |
17055 |
| 650 #4 - PUNTO DE ACCESO ADICIONAL DE MATERIA--TÉRMINO DE MATERIA |
| Término de materia o nombre geográfico como elemento de entrada |
Medicion del trabajo |
| 9 (RLIN) |
17056 |
| 700 1# - PUNTO DE ACCESO ADICIONAL--NOMBRE DE PERSONA |
| Nombre de persona |
Oviedo, José, |
| Término indicativo de función/relación |
ed. |
| 9 (RLIN) |
2671 |
| 700 1# - PUNTO DE ACCESO ADICIONAL--NOMBRE DE PERSONA |
| Nombre de persona |
Pérez Bustamante, Rogelio, |
| Término indicativo de función/relación |
pról. |
| 9 (RLIN) |
17057 |
| 710 2# - PUNTO DE ACCESO ADICIONAL--NOMBRE DE ENTIDAD CORPORATIVA |
| Nombre de entidad corporativa o nombre de jurisdicción como elemento de entrada |
Pontificia Universidad Católica Madre y Maestra |
| 9 (RLIN) |
843 |
| 910 ## - DATOS DE OPCIÓN DEL USUARIO (OCLC) |
| Datos de opción del usuario |
Validado. Control de calidad EMS |